000 01633nam a2200253 i 4500
001 178998
003 ES-MaACL
005 20250819164922.0
008 110817s1913 fr |||| | fre d
245 0 4 _aLes aspirations autonomistes en Europe
_b: leçons faites à l'École des Hautes études sociales /
_cpar J. Aulneau, F. Delaisi, Y. M. Gobelet [et al.].
260 _aParis :
_bFélix Alcan,
_c1913.
300 _aXIX, 377 p. ;
_c22 cm.
490 1 _aBibliothèque générale des sciences sociales ;
_v41
500 _aTit. en cubierta: Les aspirations autonomistes en Europe : Albanie, Alsace-Lorraine, Catalogne, Finlande, Îles grecques, Irlande, Macédoine, Pologne, Serbo-Croatie.
505 8 _aContiene: Introduction, par Ch. Seignobos. - Les revendications autonomistes en Alsace-Lorraine, par H. Lichtenberger. - La nation polonaise au XXe siècle, par H. Vimard. - La Finlande: défense d'une constitution protectrice d'une nationalité, par René Henry. - Le mouvement catalan, par Angel Marvaud. - L'autonomie albanaise, par F. Delaisi. - La nationalité serbo-croate, par Albert Malet. - L'autonomie irlandaise, par Y. M. Goblet. - Le question macédonienne, par J. Aulneau. - L'autonomie des îles grecques, par Ad. Reinach
650 7 _aNacionalismo
_2embne
_915438
700 0 _aAulneau, Joseph.
_923911
700 0 _aDelaisi, Francis.
_943300
700 1 _aGoblet, Yann-Morvran (
_d1881-1955)
_9147638
700 1 _aSeignobos, Charles (
_d1854-1942)
_9105259
830 0 0 _aBibliothèque générale des sciences sociales
_v41
_9187778
852 _aES-MaACL
_jC-23125
999 _c178998
_d178998